Drenaje agrícola : teoría y bases de cálculo /

Guardado en:
Autor Principal: Paco López-Sánchez, José Luis de.
Formato: Libro
Idioma:Spanish
Publicado: Madrid : Ministerio de Agricultura, 1969.
Series:Serie monográfica ; nº 20
Etiquetas: Agregar Etiqueta
Sin Etiquetas, Sea el primero en etiquetar este registro!
LEADER 00511nam a22001455a 4500
001 EEA.libagro002851
005 20190930122048.0
008 130809s1969####sp#a##########000#0#spa#d
082 0 4 |a 631.6 
100 1 |a Paco López-Sánchez, José Luis de. 
245 1 0 |a Drenaje agrícola :  |b teoría y bases de cálculo /  |c José Luis De Paco. 
260 |a Madrid :  |b Ministerio de Agricultura,  |c 1969. 
300 |a 213 p. :  |b il. ;  |c 24 cm. 
490 1 |a Serie monográfica ;  |v nº 20 
859 |a AR-BbBCA  |b BIB. AGRONOMIA  |h 631.6  |i D419  |p 1980/0056